000 01696nam0a22002771 4500
001 v19\rc\2058311
005 20250620023929.0
035 _a(NLR Aleph) 005135559
090 _a4751539
_c4751539
100 _a20081111d1909 |||y0rusy50 ca
101 0 _arus
102 _aRU
105 _ay g |||||
200 1 _aСправочный листок 1-го Всероссийского съезда фабричных врачей и представит. фабрично-заводской промышленности, издаваемый правлением М. о. фабричных врачей под редакцией Д.И. Орлова
_eВ Москве, 1-7 апр. 1909 г. № 1-8
_fМоск. о-во фабричных врачей
210 _aМосква
_d1909
215 _a8 т.
_d27
309 _aБез тит. л. и обл.
532 1 1 _aСправочный листок Первого Всероссийского съезда фабричных врачей и представит. фабрично-заводской промышленности, издаваемый правлением М. о. фабричных врачей под редакцией Д.И. Орлова
702 1 _4340
_7ca
_8rus
_aОрлов
_bД. И.
_cмедик
_f1852-1910
_gДмитрий Иванович
_9221001
_3RU\NLR\AUTH\770221057
710 1 2 _aВсероссийский съезд фабричных врачей и представителей фабрично-заводской промышленности
_d1
_f1909
_eМосква
801 0 _aRU
_bNLR
_gpsbo
801 1 _aRU
_bProSoft-M
_2rusmarc
852 _aNLR
_j132/2343
942 _cBOOK
980 _aNB